| Registos Bibliográficos associados ao registo de autoridade |
|
Etiqueta de registo: 00230nam 2200025 450 001 2028819 003 http://id.bnportugal.gov.pt/bib/catbnp/2028819 010 ## $a978-972-8690-88-5 021 ## $aPT$b456385/19 100 ## $a20190910d2019 d y0pory01030103ba 101 0# $apor 102 ## $aPT 105 ## $aa j 000yy 106 ## $ar 200 1# $aQuero saber!$eeducação moral e religiosa católica, 7º ano$emanual do aluno$f António Cordeiro... [et al.]$gcoord. Cristina Sá Carvalho 205 ## $a6ª ed 210 #9 $aLisboa$cFundação Secretariado Nacional da Educação Cristã,$d2019 215 ## $a154 p.$cil.$d28 cm 606 ## $aCatolicismo$j[Manuais de ensino básico]$2SIPOR$3476069 675 ## $a272-47(075.2)$vBN$zpor$31305863 701 #1 $91$aCordeiro,$bAntónio$4070$31626343 702 #1 $aCarvalho,$bCristina Sá,$f1963-$4340$31626322 801 #0 $aPT$bBN$gRPC 856 41 $uhttp://rnod.bnportugal.gov.pt/ImagesBN/winlibimg.aspx?skey=&doc=2028819&img=130128&save=true 900 ## $aBIBNAC$d20190926 966 ## $lBN$mFGMON$sR. 30474 V.$x1 966 ## $lBN$mFGMON$sR. 30474 V.-D$x1
Etiqueta de registo: 00230nam 2200025 450 001 1914910 003 http://id.bnportugal.gov.pt/bib/catbnp/1914910 010 ## $a978-989-8822-00-0 021 ## $aPT$b393901/15 100 ## $a20151111d2015 e y0pory01030103ba 101 0# $apor 102 ## $aPT 105 ## $aa j 000yy 106 ## $ar 200 1# $a Um sentido para a vida$emanual do aluno$eeducação moral e religiosa católica$eensino secundário$emanual do aluno$fcoord. geral Cristina Sá Carvalho$gautor António Cordeiro... [et al.] 210 #9 $aLisboa$cFundação Secretariado Nacional da Educação Cristã,$d2015 215 ## $a54 p.$cil.$d30 cm 225 2# $aUnidade letiva$v6 320 ## $aBibliografia, p. 53-54 606 ## $aCatolicismo$j[Manuais de ensino secundário]$2SIPOR$384067 675 ## $a272-47(075.3)$vBN$zpor$31419421 702 #1 $aCarvalho,$bCristina Sá,$f1963-$4340$31626322 702 #1 $91$aCordeiro,$bAntónio$4070$31626343 801 #0 $aPT$bBN$gRPC 856 41 $uhttp://rnod.bnportugal.gov.pt/ImagesBN/winlibimg.aspx?skey=&doc=1914910&img=69448&save=true 900 ## $aBIBNAC$d20151215 966 ## $lBN$mFGMON$sR. 28498 V.$x1 966 ## $lBN$mFGMON$sR. 28498 V.-D$x1
Etiqueta de registo: 00230nam 2200025 450 001 1983127 003 http://id.bnportugal.gov.pt/bib/catbnp/1983127 010 ## $a978-972-8690-89-2 021 ## $aPT$b426291/17 100 ## $a20180220d2017 d y0pory01030103ba 101 0# $apor 102 ## $aPT 105 ## $aa j 000yy 106 ## $ar 200 1# $aQuero descobrir!$eeducação moral e religiosa católica, 8º ano do ensino básico$fAntónio Cordeiro... [et al.]$gcoord. Cristina Sá Carvalho 205 ## $a3ª ed 210 #9 $aLisboa$cFundação Secretariado Nacional da Educação Cristã,$d2017 215 ## $a136 p.$cil.$d28 cm 606 ## $aCatolicismo$j[Manuais de ensino básico]$2SIPOR$3476069 675 ## $a272-47(075.2)$vBN$zpor$31305863 701 #1 $91$aCordeiro,$bAntónio$4070$31626343 702 #1 $aCarvalho,$bCristina Sá,$f1963-$4340$31626322 801 #0 $aPT$bBN$gRPC 856 41 $uhttp://rnod.bnportugal.gov.pt/ImagesBN/winlibimg.aspx?skey=&doc=1983127&img=106335&save=true 900 ## $aBIBNAC$d20180302 966 ## $lBN$mFGMON$sR. 29640 V.$x1
Etiqueta de registo: 00230nam 2200025 450 001 1915160 003 http://id.bnportugal.gov.pt/bib/catbnp/1915160 010 ## $a978-972-8690-86-1 021 ## $aPT$b390211/15 100 ## $a20151113d2015 d y0pory01030103ba 101 0# $apor 102 ## $aPT 105 ## $aa j 000yy 106 ## $ar 200 1# $aConta comigo!$emanual do 5º ano$eeducação moral e religiosa católica$fcoord. geral Cristina Sá Carvalho$gautor Elisa Urbano, Sérgio Martins, Mónica Pires 205 ## $a1ª ed 210 #9 $aLisboa$cFundação Secretariado Nacional da Educação Cristã,$d2015 215 ## $a125, [1] p.$cil.$d28 cm$e[1] f. com autocolantes 606 ## $aCatolicismo$j[Manuais de ensino básico]$2SIPOR$3476069 675 ## $a272-47(075.2)$vBN$zpor$31305863 701 #1 $91$aCordeiro,$bAntónio$4070$31626343 702 #1 $aCarvalho,$bCristina Sá,$f1963-$4340$31626322 801 #0 $aPT$bBN$gRPC 856 41 $uhttp://rnod.bnportugal.gov.pt/ImagesBN/winlibimg.aspx?skey=&doc=1915160&img=68919&save=true 900 ## $aBIBNAC$d20151210 966 ## $lBN$mFGMON$sR. 28469 V.$x1
Etiqueta de registo: 00230nam 2200025 450 001 1915124 003 http://id.bnportugal.gov.pt/bib/catbnp/1915124 010 ## $a978-972-8690-89-2 021 ## $aPT$b391716/15 100 ## $a20151113d2015 e y0pory01030103ba 101 0# $apor 102 ## $aPT 105 ## $aa j 000yy 106 ## $ar 200 1# $aQuero descobrir!$emanual do aluno$eeducação moral e religiosa católica$e8º ano do ensino básico$fcoord. geral Cristina Sá Carvalho$gautor António Cordeiro... [et al.] 210 #9 $aLisboa$cFundação Secretariado Nacional da Educação Cristã,$d2015 215 ## $a136 p.$cil.$d28 cm 606 ## $aCatolicismo$j[Manuais de ensino básico]$2SIPOR$3476069 675 ## $a272-47(075.2)$vBN$zpor$31305863 701 #1 $91$aCordeiro,$bAntónio$4070$31626343 702 #1 $aCarvalho,$bCristina Sá,$f1963-$4340$31626322 801 #0 $aPT$bBN$gRPC 856 41 $uhttp://rnod.bnportugal.gov.pt/ImagesBN/winlibimg.aspx?skey=&doc=1915124&img=68740&save=true 900 ## $aBIBNAC$d20151202 966 ## $lBN$mFGMON$sR. 28467 V.$x1
Etiqueta de registo: 00230nam 2200025 450 001 1915164 003 http://id.bnportugal.gov.pt/bib/catbnp/1915164 010 ## $a978-972-8690-88-5 021 ## $aPT$b390936/15 100 ## $a20151113d2015 d y0pory01030103ba 101 0# $apor 102 ## $aPT 105 ## $aa j 000yy 106 ## $ar 200 1# $aQuero saber!$eeducação moral e religiosa católica$e7º ano do ensino básico$fcoord. geral Cristina Sá Carvalho$gautor António Cordeiro... [et al.]$grev.Isa Dora Lopes 210 #9 $aLisboa$cFundação Secretariado Nacional da Educação Cristã,$d2015 215 ## $a154 p.$cil.$d28 cm 606 ## $aCatolicismo$j[Manuais de ensino básico]$2SIPOR$3476069 675 ## $a272-47(075.2)$vBN$zpor$31305863 701 #1 $91$aCordeiro,$bAntónio$4070$31626343 702 #1 $aCarvalho,$bCristina Sá,$f1963-$4340$31626322 702 #1 $aLopes,$bIsa Dora$4675$31626968 801 #0 $aPT$bBN$gRPC 856 41 $uhttp://rnod.bnportugal.gov.pt/ImagesBN/winlibimg.aspx?skey=&doc=1915164&img=68917&save=true 900 ## $aBIBNAC$d20151210 966 ## $lBN$mFGMON$sR. 28471 V.$x1
Etiqueta de registo: 00230nam 2200025 450 001 1915163 003 http://id.bnportugal.gov.pt/bib/catbnp/1915163 010 ## $a978-972-8690-90-8 021 ## $aPT$b390957/15 100 ## $a20151113d2015 d y0pory01030103ba 101 0# $apor 102 ## $aPT 105 ## $aa j 000yy 106 ## $ar 200 1# $aQuero ser!$eeducação moral e religiosa católica$e9º ano do ensino básico$fcoord. geral Cristina Sá Carvalho$gautor António Monteiro... [et al.] 205 ## $a1ª ed 210 #9 $aLisboa$cFundação Secretariado Nacional da Educação Cristã,$d2015 215 ## $a124 p.$cil.$d28 cm 606 ## $aCatolicismo$j[Manuais de ensino básico]$2SIPOR$3476069 675 ## $a272-47(075.2)$vBN$zpor$31305863 701 #1 $91$aCordeiro,$bAntónio$4070$31626343 702 #1 $aCarvalho,$bCristina Sá,$f1963-$4340$31626322 801 #0 $aPT$bBN$gRPC 856 41 $uhttp://rnod.bnportugal.gov.pt/ImagesBN/winlibimg.aspx?skey=&doc=1915163&img=68916&save=true 900 ## $aBIBNAC$d20151210 966 ## $lBN$mFGMON$sR. 28472 V.$x1
Etiqueta de registo: 00230nam 2200025 450 001 1946798 003 http://id.bnportugal.gov.pt/bib/catbnp/1946798 010 ## $a978-989-8822-00-0 021 ## $aPT$b408556/16 100 ## $a20161102d2016 e y0pory01030103ba 101 0# $apor 102 ## $aPT 105 ## $aa j 000yy 106 ## $ar 200 1# $a Um sentido para a vida$eeducação moral e religiosa católica, ensino secundário$emanual do aluno$fcoord. geral Cristina Sá Carvalho$gautor António Cordeiro... [et al.] 205 ## $a2ª ed 210 #9 $aLisboa$cFundação Secretariado Nacional da Educação Cristã,$d2016 215 ## $a54 p.$cil.$d30 cm 225 2# $aUnidade letiva$v6 606 ## $aCatolicismo$j[Manuais de ensino secundário]$2SIPOR$384067 675 ## $a272-47(075.3)$vBN$zpor$31419421 702 #1 $aCarvalho,$bCristina Sá,$f1963-$4340$31626322 702 #1 $91$aCordeiro,$bAntónio$4070$31626343 801 #0 $aPT$bBN$gRPC 856 41 $uhttp://rnod.bnportugal.gov.pt/ImagesBN/winlibimg.aspx?skey=&doc=1946798&img=85295&save=true 900 ## $aBIBNAC$d20161130 966 ## $lBN$mFGMON$sR. 29079 V.$x1 966 ## $lBN$mFGMON$sR. 29079 V.-D$x1
Etiqueta de registo: 00230nam 2200025 450 001 1947011 003 http://id.bnportugal.gov.pt/bib/catbnp/1947011 010 ## $a978-972-8690-87-8 021 ## $aPT$b399588/15 100 ## $a20161104d2015 ae y0pory01030103ba 101 0# $apor 102 ## $aPT 105 ## $aa j 000yy 106 ## $ar 200 1# $aQuero ser!$emanual do aluno$eeducação moral e religiosa católica, 9º ano do ensino básico$fAntónio Cordeiro... [et al.]$gcoord. Cristina Sá Carvalho 205 ## $a2ª ed 210 #9 $aLisboa$cFundação Secretariado Nacional da Educação Cristã,$d2015 215 ## $a124 p.$cil.$d28 cm 606 ## $aCatolicismo$j[Manuais de ensino básico]$2SIPOR$3476069 675 ## $a272-47(075.2)$vBN$zpor$31305863 701 #1 $91$aCordeiro,$bAntónio$4070$31626343 702 #1 $aCarvalho,$bCristina Sá,$f1963-$4340$31626322 801 #0 $aPT$bBN$gRPC 856 41 $uhttp://rnod.bnportugal.gov.pt/ImagesBN/winlibimg.aspx?skey=&doc=1947011&img=85122&save=true 900 ## $aBIBNAC$d20161129 966 ## $lBN$mFGMON$sR. 29069 V.$x1
Etiqueta de registo: 00230nam 2200025 450 001 1947008 003 http://id.bnportugal.gov.pt/bib/catbnp/1947008 010 ## $a978-972-8690-87-8 021 ## $aPT$b409581/16 100 ## $a20161104d2016 ae y0pory01030103ba 101 0# $apor 102 ## $aPT 105 ## $aa j 000yy 106 ## $ar 200 1# $aQuero ser!$eeducação moral e religiosa católica, 9º ano do ensino básico$fAntónio Cordeiro... [et al.]$gcoord. Cristina Sá Carvalho 205 ## $a3ª ed 210 #9 $aLisboa$cFundação Secretariado Nacional da Educação Cristã,$d2016 215 ## $a124 p.$cil.$d28 cm 606 ## $aCatolicismo$j[Manuais de ensino básico]$2SIPOR$3476069 675 ## $a272-47(075.2)$vBN$zpor$31305863 701 #1 $91$aCordeiro,$bAntónio$4070$31626343 702 #1 $aCarvalho,$bCristina Sá,$f1963-$4340$31626322 801 #0 $aPT$bBN$gRPC 856 41 $uhttp://rnod.bnportugal.gov.pt/ImagesBN/winlibimg.aspx?skey=&doc=1947008&img=85120&save=true 900 ## $aBIBNAC$d20161129 966 ## $lBN$mFGMON$sR. 29066 V.$x1
Etiqueta de registo: 00230nam 2200025 450 001 1947006 003 http://id.bnportugal.gov.pt/bib/catbnp/1947006 010 ## $a978-972-8690-89-2 021 ## $aPT$b398870/15 100 ## $a20161104d2015 ae y0pory01030103ba 101 0# $apor 102 ## $aPT 105 ## $aa j 000yy 106 ## $ar 200 1# $aQuero descobrir!$eeducação moral e religiosa católica, 8º ano do ensino básico$fAntónio Cordeiro... [et al.]$gcoord. Cristina Sá Carvalho 205 ## $a2ª ed 210 #9 $aLisboa$cFundação Secretariado Nacional da Educação Cristã,$d2015 215 ## $a136 p.$cil.$d28 cm 606 ## $aCatolicismo$j[Manuais de ensino básico]$2SIPOR$3476069 675 ## $a272-47(075.2)$vBN$zpor$31305863 701 #1 $91$aCordeiro,$bAntónio$4070$31626343 702 #1 $aCarvalho,$bCristina Sá,$f1963-$4340$31626322 801 #0 $aPT$bBN$gRPC 856 41 $uhttp://rnod.bnportugal.gov.pt/ImagesBN/winlibimg.aspx?skey=&doc=1947006&img=85119&save=true 900 ## $aBIBNAC$d20161129 966 ## $lBN$mFGMON$sR. 29065 V.$x1
Etiqueta de registo: 00230nam 2200025 450 001 1947371 003 http://id.bnportugal.gov.pt/bib/catbnp/1947371 010 ## $a978-972-8690-88-5 021 ## $aPT$b409327/16 100 ## $a20161108d2016 ad y0pory01030103ba 101 0# $apor 102 ## $aPT 105 ## $aa j 000yy 106 ## $ar 200 1# $aQuero saber!$eeducação moral e religiosa católica, 7º ano do ensino básico$f António Cordeiro... [et al.]$gcoord. Cristina Sá Carvalho 205 ## $a3ª ed. rev 210 #9 $aLisboa$cFundação Secretariado Nacional da Educação Cristã,$d2016 215 ## $a154 p.$cil.$d28 cm 606 ## $aCatolicismo$j[Manuais de ensino básico]$2SIPOR$3476069 675 ## $a272-47(075.2)$vBN$zpor$31305863 701 #1 $91$aCordeiro,$bAntónio$4070$31626343 702 #1 $aCarvalho,$bCristina Sá,$f1963-$4340$31626322 801 #0 $aPT$bBN$gRPC 856 41 $uhttp://rnod.bnportugal.gov.pt/ImagesBN/winlibimg.aspx?skey=&doc=1947371&img=85121&save=true 900 ## $aBIBNAC$d20161129 966 ## $lBN$mFGMON$sR. 29067 V.$x1
Etiqueta de registo: 00230nam 2200025 450 001 1983151 003 http://id.bnportugal.gov.pt/bib/catbnp/1983151 010 ## $a978-972-8690-88-5 021 ## $aPT$b426343/17 100 ## $a20180220d2017 d y0pory01030103ba 101 0# $apor 102 ## $aPT 105 ## $aa j 000yy 106 ## $ar 200 1# $aQuero saber!$eeducação moral e religiosa católica, 7º ano do ensino básico$f António Cordeiro... [et al.]$gcoord. Cristina Sá Carvalho 205 ## $a4ª ed. rev 210 #9 $aLisboa$cFundação Secretariado Nacional da Educação Cristã,$d2017 215 ## $a154 p.$cil.$d28 cm 606 ## $aCatolicismo$j[Manuais de ensino básico]$2SIPOR$3476069 675 ## $a272-47(075.2)$vBN$zpor$31305863 701 #1 $91$aCordeiro,$bAntónio$4070$31626343 702 #1 $aCarvalho,$bCristina Sá,$f1963-$4340$31626322 801 #0 $aPT$bBN$gRPC 856 41 $uhttp://rnod.bnportugal.gov.pt/ImagesBN/winlibimg.aspx?skey=&doc=1983151&img=106341&save=true 900 ## $aBIBNAC$d20180302 966 ## $lBN$mFGMON$sR. 29637 V.$x1
Etiqueta de registo: 00230nam 2200025 450 001 2028853 003 http://id.bnportugal.gov.pt/bib/catbnp/2028853 010 ## $a978-972-8690-87-8 021 ## $aPT$b456386/19 100 ## $a20190910d2019 d y0pory01030103ba 101 0# $apor 102 ## $aPT 105 ## $aa j 000yy 106 ## $ar 200 1# $aQuero ser!$eeducação moral e religiosa católica, 9º ano$emanual do aluno$f António Cordeiro... [et al.]$gcoord. Cristina Sá Carvalho 205 ## $a6ª ed 210 #9 $aLisboa$cFundação Secretariado Nacional da Educação Cristã,$d2019 215 ## $a124 p.$cil.$d28 cm 606 ## $aCatolicismo$j[Manuais de ensino básico]$2SIPOR$3476069 675 ## $a272-47(075.2)$vBN$zpor$31305863 701 #1 $91$aCordeiro,$bAntónio$4070$31626343 702 #1 $aCarvalho,$bCristina Sá,$f1963-$4340$31626322 801 #0 $aPT$bBN$gRPC 856 41 $uhttp://rnod.bnportugal.gov.pt/ImagesBN/winlibimg.aspx?skey=&doc=2028853&img=130055&save=true 900 ## $aBIBNAC$d20190926 966 ## $lBN$mFGMON$sR. 30478 V.$x1 966 ## $lBN$mFGMON$sR. 30478 V.-D$x1
Etiqueta de registo: 00230nam 2200025 450 001 1983128 003 http://id.bnportugal.gov.pt/bib/catbnp/1983128 010 ## $a978-972-8690-87-8 021 ## $aPT$b427832/17 100 ## $a20180220d2017 d y0pory01030103ba 101 0# $apor 102 ## $aPT 105 ## $aa j 000yy 106 ## $ar 200 1# $aQuero ser!$eeducação moral e religiosa católica, 9º ano do ensino básico$fAntónio Cordeiro... [et al.]$gcoord. Cristina Sá Carvalho 205 ## $a4ª ed. rev 210 #9 $aLisboa$cFundação Secretariado Nacional da Educação Cristã,$d2017 215 ## $a124 p.$cil.$d28 cm 606 ## $aCatolicismo$j[Manuais de ensino básico]$2SIPOR$3476069 675 ## $a272-47(075.2)$vBN$zpor$31305863 701 #1 $91$aCordeiro,$bAntónio$4070$31626343 702 #1 $aCarvalho,$bCristina Sá,$f1963-$4340$31626322 801 #0 $aPT$bBN$gRPC 856 41 $uhttp://rnod.bnportugal.gov.pt/ImagesBN/winlibimg.aspx?skey=&doc=1983128&img=106336&save=true 900 ## $aBIBNAC$d20180302 966 ## $lBN$mFGMON$sR. 29636 V.$x1
Etiqueta de registo: 00230nam 2200025 450 001 2010501 003 http://id.bnportugal.gov.pt/bib/catbnp/2010501 010 ## $a978-972-8690-89-2 021 ## $aPT$b442066/18 100 ## $a20190108d2018 d y0pory01030103ba 101 0# $apor 102 ## $aPT 105 ## $aa j 000yy 106 ## $ar 200 1# $aQuero descobrir!$eeducação moral e religiosa católica, 8º ano do ensino básico$emanual do aluno$fAntónio Cordeiro... [et al.]$gcoord. Cristina Sá Carvalho 205 ## $a4ª ed 210 #9 $aLisboa$cFundação Secretariado Nacional da Educação Cristã,$d2018 215 ## $a136 p.$cil.$d28 cm 606 ## $aCatolicismo$j[Manuais de ensino básico]$2SIPOR$3476069 675 ## $a272-47(075.2)$vBN$zpor$31305863 701 #1 $91$aCordeiro,$bAntónio$4070$31626343 702 #1 $aCarvalho,$bCristina Sá,$f1963-$4340$31626322 801 #0 $aPT$bBN$gRPC 856 41 $uhttp://rnod.bnportugal.gov.pt/ImagesBN/winlibimg.aspx?skey=&doc=2010501&img=119121&save=true 900 ## $aBIBNAC$d20190117 966 ## $lBN$mFGMON$sR. 30103 V.$x1
Etiqueta de registo: 00230nam 2200025 450 001 2010492 003 http://id.bnportugal.gov.pt/bib/catbnp/2010492 010 ## $a978-972-8690-87-8 021 ## $aPT$b440262/18 100 ## $a20190108d2018 d y0pory01030103ba 101 0# $apor 102 ## $aPT 105 ## $aa j 000yy 106 ## $ar 200 1# $aQuero ser!$eeducação moral e religiosa católica, 9º ano do ensino básico, manual do aluno$f António Cordeiro... [et al.]$gcoord. Cristina Sá Carvalho 205 ## $a5ª ed 210 #9 $aLisboa$cFundação Secretariado Nacional da Educação Cristã,$d2018 215 ## $a144 p.$cil.$d28 cm 606 ## $aCatolicismo$j[Manuais de ensino básico]$2SIPOR$3476069 675 ## $a272-47(075.2)$vBN$zpor$31305863 701 #1 $91$aCordeiro,$bAntónio$4070$31626343 702 #1 $aCarvalho,$bCristina Sá,$f1963-$4340$31626322 801 #0 $aPT$bBN$gRPC 856 41 $uhttp://rnod.bnportugal.gov.pt/ImagesBN/winlibimg.aspx?skey=&doc=2010492&img=119899&save=true 900 ## $aBIBNAC$d20190125 966 ## $lBN$mFGMON$sR. 30125 V.$x1
Etiqueta de registo: 00230nam 2200025 450 001 2010480 003 http://id.bnportugal.gov.pt/bib/catbnp/2010480 010 ## $a978-972-8690-88-5 021 ## $aPT$b441436/18 100 ## $a20190108d2018 d y0pory01030103ba 101 0# $apor 102 ## $aPT 105 ## $aa j 000yy 106 ## $ar 200 1# $aQuero saber!$eeducação moral e religiosa católica, 7º ano do ensino básico, manual do aluno$f António Cordeiro... [et al.]$gcoord. Cristina Sá Carvalho 205 ## $a5ª ed 210 #9 $aLisboa$cFundação Secretariado Nacional da Educação Cristã,$d2018 215 ## $a154 p.$cil.$d28 cm 606 ## $aCatolicismo$j[Manuais de ensino básico]$2SIPOR$3476069 675 ## $a272-47(075.2)$vBN$zpor$31305863 701 #1 $91$aCordeiro,$bAntónio$4070$31626343 702 #1 $aCarvalho,$bCristina Sá,$f1963-$4340$31626322 801 #0 $aPT$bBN$gRPC 856 41 $uhttp://rnod.bnportugal.gov.pt/ImagesBN/winlibimg.aspx?skey=&doc=2010480&img=119736&save=true 900 ## $aBIBNAC$d20190123 966 ## $lBN$mFGMON$sR. 30121 V.$x1
Etiqueta de registo: 00230nam 2200025 450 001 2028844 003 http://id.bnportugal.gov.pt/bib/catbnp/2028844 010 ## $a978-972-8690-89-2 021 ## $aPT$b456383/19 100 ## $a20190910d2019 d y0pory01030103ba 101 0# $apor 102 ## $aPT 105 ## $aa j 000yy 106 ## $ar 200 1# $aQuero descobrir!$eeducação moral e religiosa católica, 8º ano$emanual do aluno$fAntónio Cordeiro... [et al.]$gcoord. Cristina Sá Carvalho 205 ## $a5ª ed 210 #9 $aLisboa$cFundação Secretariado Nacional da Educação Cristã,$d2019 215 ## $a136 p.$cil.$d28 cm 606 ## $aCatolicismo$j[Manuais de ensino básico]$2SIPOR$3476069 675 ## $a272-47(075.2)$vBN$zpor$31305863 701 #1 $91$aCordeiro,$bAntónio$4070$31626343 702 #1 $aCarvalho,$bCristina Sá,$f1963-$4340$31626322 801 #0 $aPT$bBN$gRPC 856 41 $uhttp://rnod.bnportugal.gov.pt/ImagesBN/winlibimg.aspx?skey=&doc=2028844&img=130132&save=true 900 ## $aBIBNAC$d20190926 966 ## $lBN$mFGMON$sR. 30481 V.$x1 966 ## $lBN$mFGMON$sR. 30481 V.-D$x1
Etiqueta de registo: 00230nam 2200025 450 001 2028835 003 http://id.bnportugal.gov.pt/bib/catbnp/2028835 010 ## $a978-989-8822-00-0 021 ## $aPT$b453096/19 100 ## $a20190910d2019 e y0pory01030103ba 101 0# $apor 102 ## $aPT 105 ## $aa j 000yy 106 ## $ar 200 1# $a Um sentido para a vida$eeducação moral e religiosa católica, ensino secundário$emanual do aluno$fcoord. geral Cristina Sá Carvalho$gautor António Cordeiro... [et al.] 205 ## $a3ª ed 210 #9 $aLisboa$cFundação Secretariado Nacional da Educação Cristã,$d2019 215 ## $a54 p.$cil.$d30 cm 225 2# $aUnidade letiva$v6 675 ## $a272-47(075.3)$vBN$zpor$31419421 702 #1 $aCarvalho,$bCristina Sá,$f1963-$4340$31626322 702 #1 $91$aCordeiro,$bAntónio$4070$31626343 801 #0 $aPT$bBN$gRPC 856 41 $uhttp://rnod.bnportugal.gov.pt/ImagesBN/winlibimg.aspx?skey=&doc=2028835&img=130131&save=true 900 ## $aBIBNAC$d20190926 966 ## $lBN$mFGMON$sR. 30482 V.$x1 966 ## $lBN$mFGMON$sR. 30482 V.-D$x1
Etiqueta de registo: 00230nam 2200025 450 001 2047022 003 http://id.bnportugal.gov.pt/bib/catbnp/2047022 010 ## $a978-972-8690-87-8 021 ## $aPT$b460679/19 100 ## $a20200604d2019 d y0pory01030103ba 101 0# $apor 102 ## $aPT 105 ## $aa j 000yy 106 ## $ar 200 1# $aQuero ser!$eeducação moral e religiosa católica$emanual do aluno, 9º ano$fAntónio Cordeiro... [et al.]$gcoord. Cristina Sá Carvalho 205 ## $a7ª ed 210 #9 $aLisboa$cFundação Secretariado Nacional da Educação Cristã,$d2019 215 ## $a124 p.$cil.$d28 cm 606 ## $aCatolicismo$j[Manuais de ensino básico]$2SIPOR$3476069 675 ## $a272-47(075.2)$vBN$zpor$31305863 701 #1 $91$aCordeiro,$bAntónio$4070$31626343 702 #1 $aCarvalho,$bCristina Sá,$f1963-$4340$31626322 801 #0 $aPT$bBN$gRPC 900 ## $aBIBNAC$d20200626 966 ## $lBN$mFGMON$sR. 30773 V.$x1
Etiqueta de registo: 00230nam 2200025 450 001 2047019 003 http://id.bnportugal.gov.pt/bib/catbnp/2047019 010 ## $a978-972-8690-88-5 021 ## $aPT$b461148/19 100 ## $a20200604d2019 d y0pory01030103ba 101 0# $apor 102 ## $aPT 105 ## $aa j 000yy 106 ## $ar 200 1# $aQuero saber!$eeducação moral e religiosa católica$emanual do aluno, 7º ano$fAntónio Cordeiro... [et al.]$gcoord. Cristina Sá Carvalho 205 ## $a7ª ed 210 #9 $aLisboa$cFundação Secretariado Nacional da Educação Cristã,$d2019 215 ## $a154 p.$cil.$d28 cm 606 ## $aCatolicismo$j[Manuais de ensino básico]$2SIPOR$3476069 675 ## $a272-47(075.2)$vBN$zpor$31305863 701 #1 $91$aCordeiro,$bAntónio$4070$31626343 702 #1 $aCarvalho,$bCristina Sá,$f1963-$4340$31626322 801 #0 $aPT$bBN$gRPC 856 41 $uhttp://rnod.bnportugal.gov.pt/ImagesBN/winlibimg.aspx?skey=&doc=2047019&img=139045&save=true 900 ## $aBIBNAC$d20200626 966 ## $lBN$mFGMON$sR. 30774 V.$x1
Etiqueta de registo: 00230nam 2200025 450 001 2064468 003 http://id.bnportugal.gov.pt/bib/catbnp/2064468 010 ## $a978-972-8690-89-2 021 ## $aPT$b469503/20 100 ## $a20210322d2020 d y0pory01030103ba 101 0# $apor 102 ## $aPT 105 ## $aa j 000yy 106 ## $ar 200 1# $aQuero descobrir!$eeducação moral e religiosa católica, 8º ano do ensino básico$fAntónio Cordeiro... [et al.]$gcoord. Cristina Sá Carvalho 205 ## $a6ª ed 210 #9 $aLisboa$cFundação Secretariado Nacional da Educação Cristã,$d2020 215 ## $a136 p.$cil.$d28 cm 606 ## $aCatolicismo$j[Manuais de ensino básico]$2SIPOR$3476069 675 ## $a272-47(075.2)$vBN$zpor$31305863 701 #1 $91$aCordeiro,$bAntónio$4070$31626343 702 #1 $aCarvalho,$bCristina Sá,$f1963-$4340$31626322 801 #0 $aPT$bBN$gRPC 856 41 $uhttp://rnod.bnportugal.gov.pt/ImagesBN/winlibimg.aspx?skey=&doc=2064469&img=148012&save=true 900 ## $aBIBNAC$d20210414 966 ## $lBN$mFGMON$sR. 31056 V.$x1
Etiqueta de registo: 00230nam 2200025 450 001 2064462 003 http://id.bnportugal.gov.pt/bib/catbnp/2064462 010 ## $a978-972-8690-88-5 021 ## $aPT$b469280/20 100 ## $a20210322d2020 d y0pory01030103ba 101 0# $apor 102 ## $aPT 105 ## $aa j 000yy 106 ## $ar 200 1# $aQuero saber!$eeducação moral e religiosa católica, 7º ano do ensino básico$fAntónio Cordeiro... [et al.]$gcoord. Cristina Sá Carvalho 205 ## $a8ª ed 210 #9 $aLisboa$cFundação Secretariado Nacional da Educação Cristã,$d2020 215 ## $a154 p.$cil.$d28 cm 606 ## $aCatolicismo$j[Manuais de ensino básico]$2SIPOR$3476069 675 ## $a272-47(075.2)$vBN$zpor$31305863 701 #1 $91$aCordeiro,$bAntónio$4070$31626343 702 #1 $aCarvalho,$bCristina Sá,$f1963-$4340$31626322 801 #0 $aPT$bBN$gRPC 856 41 $uhttp://rnod.bnportugal.gov.pt/ImagesBN/winlibimg.aspx?skey=&doc=2064462&img=147972&save=true 900 ## $aBIBNAC$d20210414 966 ## $lBN$mFGMON$sR. 31060 V.$x1
Etiqueta de registo: 00230nam 2200025 450 001 2064530 003 http://id.bnportugal.gov.pt/bib/catbnp/2064530 010 ## $a978-972-8690-87-8 021 ## $aPT$b469345/20 100 ## $a20210323d2020 e y0pory01030103ba 101 0# $apor 102 ## $aPT 105 ## $aa j 000yy 106 ## $ar 200 1# $aQuero ser!$eeducação moral e religiosa católica, 9º ano do ensino básico$fAntónio Cordeiro... [et al.]$gcoord. Cristina Sá Carvalho 205 ## $a8ª ed 210 #9 $aLisboa$cFundação Secretariado Nacional da Educação Cristã,$d2020 215 ## $a124 p.$cil.$d28 cm 606 ## $aCatolicismo$j[Manuais de ensino básico]$2SIPOR$3476069 675 ## $a272-47(075.2)$vBN$zpor$31305863 701 #1 $91$aCordeiro,$bAntónio$4070$31626343 702 #1 $aCarvalho,$bCristina Sá,$f1963-$4340$31626322 801 #0 $aPT$bBN$gRPC 856 41 $uhttp://rnod.bnportugal.gov.pt/ImagesBN/winlibimg.aspx?skey=&doc=2064530&img=147985&save=true 900 ## $aBIBNAC$d20210414 966 ## $lBN$mFGMON$sR. 31062 V.$x1
Etiqueta de registo: 00254nam 2200025 450 001 2124331 003 http://id.bnportugal.gov.pt/bib/catbnp/2124331 021 ## $aPT$b507492/22 100 ## $a20230223d2022 em y0pory01030103ba 101 0# $apor 102 ## $aPT 105 ## $aa z 000yy 106 ## $ar 200 1# $aAPP - ajuda de preparação para o advento 2022$fAntónio Cordeiro... [et al.]$gil. Beatriz Balbi 210 #9 $aSantarém$cPastoral Juvenil da Diocese de Santarém,$d2022 215 ## $a79 p.$cil.$d15 cm 312 ## $aTít. da capa: APP 2022 512 1# $aAPP 2022 675 ## $a272-46-053.6(035)$vBN$zpor$31803018 675 ## $a272-53(035)$vBN$zpor$31269629 701 #1 $91$aCordeiro,$bAntónio$4070$31626343 702 #1 $aBalbi,$bBeatriz$4440$31873976 801 #0 $aPT$bBN$gRPC 856 41 $uhttp://rnod.bnportugal.gov.pt/ImagesBN/winlibimg.aspx?skey=&doc=2124331&img=175587&save=true 900 ## $aBIBNAC$d20230404 966 ## $lBN$mFGMON$sR. 46008 P.$x1 966 ## $lBN$mFGMON$sR. 46008 P.-D$x1 971 ## $cmsebas$d20230223 972 ## $e0$z0$d20230404$vmsebas 973 ## $csteixeira$d20230303
|
|
|